[Event "16. Sombor open"]
[Site "?"]
[Date "2024.04.01"]
[Round "1.1"]
[White "Novakovic, Aleksandar"]
[Black "Stojakovic, Dusan"]
[Result "0-1"]
[WhiteElo "1981"]
[BlackElo "1775"]
[PlyCount "48"]
[EventDate "2024.04.01"]

1. e4 c5 2. Nc3 Nc6 3. f4 g6 4. Nf3 Bg7 5. Bc4 e6 6. d3 Nge7 7. O-O O-O 8. Qe1
Na5 9. Bb3 Nxb3 10. axb3 d5 11. Kh1 b6 12. Nh4 f5 13. Nf3 Qd7 14. Ne5 Bxe5 15.
fxe5 Bb7 16. Bh6 Rf7 17. Qh4 a6 18. Rae1 Qc7 19. Kg1 d4 20. Nb1 Qxe5 21. exf5
Qd5 22. Qg5 Nxf5 23. Nd2 Nxh6 24. Ne4 Qxg5 0-1

[Event "16. Sombor open"]
[Site "?"]
[Date "2024.04.01"]
[Round "1.2"]
[White "Sasic, Miodrag"]
[Black "Beslin, Igor"]
[Result "0-1"]
[WhiteElo "1747"]
[BlackElo "1954"]
[PlyCount "96"]
[EventDate "2024.04.01"]

1. e4 c5 2. Nc3 Nc6 3. Bb5 Nd4 4. f4 a6 5. Be2 b5 6. d3 Bb7 7. Nf3 Qa5 8. Bd2
e6 9. O-O Nxe2+ 10. Qxe2 b4 11. Nd1 Nf6 12. Ne3 Be7 13. a3 Qc7 14. g3 O-O 15.
axb4 cxb4 16. Kg2 a5 17. h3 Bc5 18. c4 d6 19. Ng4 Qe7 20. Kh2 Nxg4+ 21. hxg4
Qf6 22. b3 Qd8 23. Be3 f5 24. Bxc5 dxc5 25. gxf5 exf5 26. Ng5 Ra6 27. Rae1 Rh6+
28. Kg2 Re8 29. Rh1 fxe4 30. dxe4 Rxh1 31. Kxh1 h6 32. Nh3 Rxe4 33. Qxe4 Bxe4+
34. Rxe4 Qa8 35. Nf2 a4 36. bxa4 b3 37. Kh2 b2 38. Re1 Qxa4 39. Ne4 Qc2+ 40.
Kh3 Qxc4 41. Nd6 Qc1 42. Re8+ Kh7 43. Nf7 b1=Q 44. Rh8+ Kg6 45. Ne5+ Kf5 46.
Rf8+ Ke4 47. Ng4 Qf1+ 48. Kh4 Qh1+ 0-1

[Event "16. Sombor open"]
[Site "?"]
[Date "2024.04.01"]
[Round "1.3"]
[White "Matkovic, Simana"]
[Black "Djurosev, Djordje"]
[Result "1-0"]
[WhiteElo "1948"]
[BlackElo "1694"]
[PlyCount "60"]
[EventDate "2024.04.01"]

1. d4 Nf6 2. Bf4 e6 3. e3 c5 4. c3 cxd4 5. exd4 d5 6. Nf3 Nc6 7. Nbd2 Bd6 8.
Ne5 Qc7 9. Bb5 Bd7 10. Qe2 a6 11. Bd3 b5 12. O-O h6 13. Rfe1 g5 14. Bg3 h5 15.
h4 gxh4 16. Bxh4 Ng4 17. Ndf3 f6 18. Bg6+ Ke7 19. Nxd7 Qxd7 20. Bf5 Nd8 21. Qd3
Kf8 22. Bxg4 hxg4 23. Bxf6 gxf3 24. Bxh8 Qf7 25. Re3 Ke7 26. Rxf3 Qh5 27. Bf6+
Kd7 28. Rh3 Qf5 29. Rh7+ Kc6 30. Qxf5 exf5 1-0

[Event "16. Sombor open"]
[Site "?"]
[Date "2024.04.01"]
[Round "1.4"]
[White "Kelic, Dusan"]
[Black "Lalic, Miroslav"]
[Result "0-1"]
[WhiteElo "1694"]
[BlackElo "1945"]
[PlyCount "60"]
[EventDate "2024.04.01"]

1. d4 d5 2. e3 e6 3. c4 dxc4 4. Bxc4 Nf6 5. Nc3 c6 6. a3 Nbd7 7. Nf3 Bd6 8. Ng5
Qa5 9. Bd2 Qxg5 10. Qf3 Qg4 11. O-O-O Qxf3 12. gxf3 Nb6 13. Bb3 g6 14. e4 Nh5
15. e5 Be7 16. Bh6 Nd5 17. Ne4 f5 18. Ng3 Nhf4 19. h4 Ng2 20. h5 g5 21. Ne2
Ngf4 22. Ng3 Rg8 23. Kd2 b6 24. Rdg1 Bb7 25. Nf1 Ba6 26. Rh4 Kd7 27. Rhh1 Ne2
28. Rg2 Ndf4 29. Rgh2 Nxd4 30. Ba2 Nxf3+ 0-1

[Event "16. Sombor open"]
[Site "?"]
[Date "2024.04.01"]
[Round "1.5"]
[White "Knezevic, Janko"]
[Black "Basaric, Ana"]
[Result "1-0"]
[WhiteElo "1904"]
[BlackElo "1580"]
[PlyCount "42"]
[EventDate "2024.04.01"]

1. e4 c5 2. Nf3 Nc6 3. d4 cxd4 4. Nxd4 g6 5. Nc3 Bg7 6. Be3 Nf6 7. Be2 O-O 8.
g4 d6 9. h4 h6 10. g5 hxg5 11. hxg5 Nd7 12. Qd2 Nde5 13. f4 Ng4 14. Bxg4 Bxg4
15. Nde2 Qd7 16. O-O-O Rac8 17. Rde1 Qc7 18. Nd5 Qd7 19. Nd4 f5 20. Qh2 Rfd8
21. Qh7+ Kf8 {NECITKO.} 1-0

[Event "16. Sombor open"]
[Site "?"]
[Date "2024.04.01"]
[Round "1.6"]
[White "Kokai, Lea"]
[Black "Delija, Dragan"]
[Result "0-1"]
[WhiteElo "1575"]
[BlackElo "1893"]
[PlyCount "58"]
[EventDate "2024.04.01"]

1. e4 c5 2. d4 cxd4 3. c3 dxc3 4. Nxc3 a6 5. Nf3 Nc6 6. Bc4 e6 7. O-O b5 8. Bb3
Qc7 9. Be3 Nf6 10. Qe2 Be7 11. Rac1 d6 12. Rfd1 Bb7 13. a3 Rc8 14. h3 h6 15.
Qd2 Qb8 16. Ba2 Na5 17. b4 Nc4 18. Bxc4 Rxc4 19. Qd3 Nxe4 20. Bd4 Nf6 21. Ne2
Rxc1 22. Rxc1 e5 23. Bb2 e4 24. Qc3 exf3 25. gxf3 O-O 26. Qe3 Re8 27. Qf4 Qa8
28. Nd4 Nh7 29. Kg2 Bg5 0-1

[Event "16. Sombor open"]
[Site "?"]
[Date "2024.04.01"]
[Round "1.7"]
[White "Bakula, Milan"]
[Black "Rajic, Dijana"]
[Result "1-0"]
[WhiteElo "1872"]
[BlackElo "1551"]
[PlyCount "43"]
[EventDate "2024.04.01"]

1. c4 e5 2. a3 Nf6 3. Nc3 d5 4. e3 Nc6 5. Nf3 Bg4 6. Be2 a6 7. Qb3 Na5 8. Qa4+
Nc6 9. Nxe5 Bd7 10. Nxd7 Qxd7 11. Bf3 dxc4 12. Qxc4 Ne5 13. Qa2 Nxf3+ 14. gxf3
Qc6 15. e4 Bc5 16. Nd5 O-O 17. d4 Bd6 18. Nxf6+ gxf6 19. Bh6 Qd7 20. Rg1+ Kh8
21. Bg7+ Kg8 22. Bxf6+ 1-0

[Event "16. Sombor open"]
[Site "?"]
[Date "2024.04.01"]
[Round "1.8"]
[White "Plavsic, Nikola"]
[Black "Mandaric, Petar"]
[Result "0-1"]
[WhiteElo "1542"]
[BlackElo "1851"]
[PlyCount "90"]
[EventDate "2024.04.01"]

1. d4 Nf6 2. c4 e6 3. Bf4 d5 4. Nc3 Bb4 5. Bd2 dxc4 6. f3 Qxd4 7. Nb5 Bxd2+ 8.
Qxd2 Qxd2+ 9. Kxd2 Kd8 10. e4 a6 11. Nc3 b5 12. Rd1 Ke7 13. Kc2 Bb7 14. Nge2
Nc6 15. Nc1 Rad8 16. Be2 Ne5 17. Rxd8 Rxd8 18. Rd1 Rxd1 19. Kxd1 Bc6 20. a3
Nfd7 21. N1a2 a5 22. Ke1 Nc5 23. Nc1 Kd6 24. Kd2 Na6 25. Bf1 Kc5 26. N1a2 b4
27. axb4+ axb4 28. Nb1 Bb5 29. Nc1 c3+ 30. Ke1 Bxf1 31. Kxf1 cxb2 32. Na2 Kc4
33. Ke2 Kb3 34. Nxb4 Nxb4 35. Nd2+ Ka2 36. Ke1 b1=Q+ 37. Nxb1 Kxb1 38. Kd2 Kb2
39. Ke3 c5 40. Kd2 c4 41. Ke3 c3 42. Kf4 Ned3+ 43. Ke3 c2 44. Kd4 c1=Q 45. f4
Qc5# 0-1

[Event "16. Sombor open"]
[Site "?"]
[Date "2024.04.01"]
[Round "1.9"]
[White "Stojkovic, Andreja"]
[Black "Radisic, Andjelija"]
[Result "1-0"]
[WhiteElo "1845"]
[BlackElo "1456"]
[PlyCount "55"]
[EventDate "2024.04.01"]

1. e4 d5 2. exd5 Qxd5 3. Nc3 Qd6 4. Nf3 Nf6 5. d4 c6 6. Be2 Bf5 7. O-O h6 8.
Ne5 e6 9. Bf4 Qd8 10. Qd2 Bd6 11. Rfe1 O-O 12. Bd3 Bxd3 13. Qxd3 Qc7 14. Ne4
Nxe4 15. Qxe4 Nd7 16. Qf3 Nf6 17. Bxh6 Rfd8 18. Bg5 Be7 19. c3 Re8 20. h4 Qd8
21. h5 Nxh5 22. Qxf7+ Kh7 23. Qxh5+ Kg8 24. Qf7+ Kh8 25. Bxe7 Rxe7 26. Ng6+ Kh7
27. Nxe7 Kh8 28. Qh5# 1-0

[Event "16. Sombor open"]
[Site "?"]
[Date "2024.04.03"]
[Round "2.1"]
[White "Beslin, Igor"]
[Black "Stojkovic, Andreja"]
[Result "0-1"]
[WhiteElo "1954"]
[BlackElo "1845"]
[PlyCount "52"]
[EventDate "2024.04.01"]

1. e4 e5 2. Nf3 Nc6 3. Bb5 f5 4. exf5 e4 5. Bxc6 dxc6 6. Ne5 Bxf5 7. O-O Qd4 8.
Ng4 O-O-O 9. Ne3 Be6 10. c3 Qe5 11. f4 exf3 12. Rxf3 Bd6 13. Rg3 Qf6 14. Rf3
Qg6 15. d4 Qh5 16. g3 Nf6 17. Rf2 Ng4 18. Nxg4 Bxg4 19. Qf1 Rde8 20. Bf4 Bh3
21. Qc1 Rhf8 22. Na3 g5 23. Be5 Rxf2 24. Kxf2 Qf7+ 25. Kg1 Qf3 26. Qd2 Rf8 0-1

[Event "16. Sombor open"]
[Site "?"]
[Date "2024.04.03"]
[Round "2.2"]
[White "Mandaric, Petar"]
[Black "Matkovic, Simana"]
[Result "0-1"]
[WhiteElo "1851"]
[BlackElo "1948"]
[PlyCount "94"]
[EventDate "2024.04.01"]

1. e4 c5 2. Nf3 d6 3. d4 cxd4 4. Nxd4 Nf6 5. Nc3 a6 6. Bg5 Nbd7 7. Qd2 b5 8. f3
Bb7 9. O-O-O e6 10. g4 Be7 11. Be3 O-O 12. g5 b4 13. Na4 Nh5 14. Bd3 Qa5 15. b3
Nc5 16. a3 Rac8 17. Kb1 Nxa4 18. axb4 Qc7 19. bxa4 d5 20. Kb2 g6 21. Rhg1 e5
22. Ne2 d4 23. Bf2 Qd6 24. Rb1 a5 25. Kc1 axb4 26. h4 Ba6 27. Kd1 Bxd3 28. Qxd3
Qc6 29. Qb3 Ra8 30. Ra1 Rfc8 31. Ra2 Ng7 32. Nc1 Ne6 33. Nd3 Qd6 34. Be1 Rab8
35. a5 Nf4 36. Nxf4 exf4 37. Bd2 Rc3 38. Qd5 Qa6 39. e5 Rd8 40. Qe4 Ra3 41.
Rxa3 bxa3 42. Qd3 Qb7 43. Ke2 a2 44. Qb3 d3+ 45. Kf2 Bc5+ 46. Kg2 Qxb3 47. cxb3
Bxg1 0-1

[Event "16. Sombor open"]
[Site "?"]
[Date "2024.04.03"]
[Round "2.3"]
[White "Lalic, Miroslav"]
[Black "Vujnovic, Igor"]
[Result "1/2-1/2"]
[WhiteElo "1945"]
[BlackElo "1810"]
[PlyCount "96"]
[EventDate "2024.04.01"]

1. e4 e6 2. d4 d5 3. e5 c5 4. Nf3 Nc6 5. c3 Nge7 6. dxc5 Ng6 7. b4 a5 8. Bb5
Bd7 9. Bxc6 Bxc6 10. O-O b6 11. Nd4 Qd7 12. a4 axb4 13. cxb4 Rxa4 14. Ba3 bxc5
15. Nxc6 Qxc6 16. b5 Qa8 17. Re1 Be7 18. b6 O-O 19. Qb3 Rb8 20. Nc3 Ra6 21. Bb2
Qb7 22. Rxa6 Qxa6 23. Na4 Qb7 24. Qb5 Nf8 25. Ba3 Nd7 26. f4 h6 27. Rc1 Bf8 28.
Rb1 Rc8 29. g3 c4 30. Bxf8 Kxf8 31. Rb2 d4 32. Rc2 d3 33. Rxc4 d2 34. Qb4+ Ke8
35. Rxc8+ Qxc8 36. Qxd2 Qc4 37. Qd1 Nxb6 38. Nxb6 Qc5+ 39. Kg2 Qxb6 40. Qc2
Qb7+ 41. Kh3 g6 42. Qd3 h5 43. Qd6 Qf3 44. Qb8+ Ke7 45. Qc7+ Ke8 46. Qc8+ Ke7
47. Qc7+ Ke8 48. Qc8+ Ke7 1/2-1/2

[Event "16. Sombor open"]
[Site "?"]
[Date "2024.04.03"]
[Round "2.6"]
[White "Stojakovic, Dusan"]
[Black "Bakula, Milan"]
[Result "1-0"]
[WhiteElo "1775"]
[BlackElo "1872"]
[PlyCount "67"]
[EventDate "2024.04.01"]

1. e4 e6 2. d4 c5 3. Nf3 Nc6 4. d5 Na5 5. d6 Qb6 6. e5 Qb4+ 7. c3 Qe4+ 8. Qe2
Qxe2+ 9. Bxe2 h6 10. Bf4 b6 11. c4 Bb7 12. h3 O-O-O 13. Nc3 a6 14. Na4 g5 15.
Bd2 g4 16. Nxb6+ Kb8 17. Bxa5 gxf3 18. Bxf3 Bxf3 19. gxf3 f6 20. exf6 Nxf6 21.
Nd5 exd5 22. Bxd8 Bg7 23. Bxf6 Bxf6 24. Rd1 d4 25. O-O Be5 26. Rfe1 Bxd6 27.
Re4 Kc7 28. b4 Kc6 29. bxc5 Bxc5 30. f4 Rg8+ 31. Kf1 h5 32. Re5 h4 33. Rg5 Rf8
34. Rg4 1-0

[Event "16. Sombor open"]
[Site "?"]
[Date "2024.04.03"]
[Round "2.7"]
[White "Rajic, Dijana"]
[Black "Novakovic, Aleksandar"]
[Result "1/2-1/2"]
[WhiteElo "1551"]
[BlackElo "1981"]
[PlyCount "78"]
[EventDate "2024.04.01"]

1. e4 e5 2. Nf3 Nc6 3. Bc4 Nf6 4. Nc3 Be7 5. d4 exd4 6. Nxd4 Nxd4 7. Qxd4 d6 8.
Bf4 O-O 9. O-O a6 10. Rad1 c5 11. Qe3 Nh5 12. Nd5 Nxf4 13. Nxe7+ Qxe7 14. Qxf4
Rd8 15. e5 dxe5 16. Rxd8+ Qxd8 17. Qxf7+ Kh8 18. h3 b5 19. Bd5 Rb8 20. Re1 Bf5
21. Qxf5 Qxd5 22. Qxe5 Qxe5 23. Rxe5 c4 24. c3 h6 25. b4 Rd8 26. Re6 Rd1+ 27.
Kh2 Rc1 28. Rxa6 Rxc3 29. Ra5 Rc2 30. Rxb5 Rxa2 31. Kg3 c3 32. Rc5 Rb2 33. Rxc3
Rxb4 34. f4 Kh7 35. Kg4 Kg6 36. Rc6+ Kf7 37. g3 Ra4 38. Kh5 Ra5+ 39. Kh4 Ra4
1/2-1/2

[Event "16. Sombor open"]
[Site "?"]
[Date "2024.04.03"]
[Round "2.8"]
[White "Gajcin, Sinisa"]
[Black "Kokai, Lea"]
[Result "1-0"]
[WhiteElo "1834"]
[BlackElo "1575"]
[PlyCount "74"]
[EventDate "2024.04.01"]

1. e4 e5 2. Nf3 Nc6 3. Bb5 Nf6 4. d3 Bc5 5. c3 d6 6. Nbd2 a5 7. d4 exd4 8. cxd4
Ba7 9. d5 Bd7 10. dxc6 Bxc6 11. Bxc6+ bxc6 12. Qa4 O-O 13. Qxc6 Re8 14. O-O Rb8
15. b3 Qe7 16. Bb2 Rb6 17. Qc2 h6 18. Bd4 c5 19. Bxf6 Qxf6 20. Nc4 Ra6 21. Rad1
Qg6 22. Rfe1 Kh8 23. Qd3 Bb8 24. Ne3 Rc6 25. Nd5 Rcc8 26. Nd2 Re5 27. f4 Ree8
28. Nc4 Bc7 29. f5 Qg5 30. Re3 Qd8 31. f6 gxf6 32. Rf1 Re6 33. Rh3 Kh7 34. e5+
Kg7 35. exf6+ Kf8 36. Rxh6 Ke8 37. Rh8+ Kd7 1-0

[Event "16. Sombor open"]
[Site "?"]
[Date "2024.04.03"]
[Round "2.9"]
[White "Radisic, Andjelija"]
[Black "Sasic, Miodrag"]
[Result "0-1"]
[WhiteElo "1456"]
[BlackElo "1747"]
[PlyCount "94"]
[EventDate "2024.04.01"]

1. d4 d5 2. c4 dxc4 3. Nf3 e6 4. Bf4 Bd6 5. Bxd6 Qxd6 6. Nc3 Bd7 7. e3 b5 8. a3
Nf6 9. Ne5 O-O 10. Nxd7 Qxd7 11. Be2 Na6 12. O-O c5 13. dxc5 Rab8 14. Qd6 Qxd6
15. cxd6 Rb6 16. Rab1 Nc5 17. Rfd1 a6 18. Rd2 Rd8 19. d7 Nfe4 20. Rdd1 Nxc3 21.
bxc3 Rb7 22. Bf3 Rbxd7 23. Rxd7 Rxd7 24. Bc6 Rd8 25. Bf3 Kf8 26. Kf1 Na4 27.
Rc1 Rd2 28. Bb7 Nc5 29. Bf3 f5 30. Ke1 Ra2 31. Kf1 Rxa3 32. Rc2 a5 33. Bc6 Rb3
34. Ke2 Ke7 35. g3 Kd6 36. Bg2 Na4 37. Kd2 Kc5 38. Bf3 b4 39. cxb4+ axb4 40.
Kd1 c3 41. Bg2 Nb2+ 42. Ke2 Nc4 43. Bf1 Rb2 44. Kd1 Rb1+ 45. Rc1 Rxc1+ 46. Kxc1
b3 47. Be2 Na3 0-1

[Event "16. Sombor open"]
[Site "?"]
[Date "2024.04.03"]
[Round "2.10"]
[White "Djurosev, Djordje"]
[Black "Plavsic, Nikola"]
[Result "1-0"]
[WhiteElo "1694"]
[BlackElo "1542"]
[PlyCount "57"]
[EventDate "2024.04.01"]

1. f4 g6 2. e4 Bg7 3. Nf3 d6 4. d4 Bg4 5. c3 Nd7 6. Bc4 e6 7. h3 Bxf3 8. Qxf3
Ne7 9. Be3 Rc8 10. Nd2 O-O 11. g4 Nb6 12. Bd3 d5 13. e5 f5 14. h4 c6 15. h5
fxg4 16. Qxg4 Nf5 17. Bxf5 exf5 18. Qh3 Qe8 19. hxg6 Qxg6 20. O-O-O h6 21. Rdg1
Qh7 22. Nf3 Rce8 23. Rxg7+ Kxg7 24. Rg1+ Kf7 25. Ng5+ hxg5 26. Qxh7+ Ke6 27.
Rxg5 Rf7 28. Qg6+ Ke7 29. Qd6# 1-0

[Event "16. Sombor open"]
[Site "?"]
[Date "2024.04.05"]
[Round "3.1"]
[White "Matkovic, Simana"]
[Black "Stojakovic, Dusan"]
[Result "1/2-1/2"]
[WhiteElo "1948"]
[BlackElo "1775"]
[PlyCount "54"]
[EventDate "2024.04.01"]

1. d4 Nf6 2. Bf4 g6 3. e3 Bg7 4. Nf3 O-O 5. Be2 d6 6. O-O b6 7. a4 a6 8. h3 Bb7
9. Nbd2 Nbd7 10. c3 e6 11. Bh2 Qe7 12. Qc2 Nh5 13. Nc4 f5 14. Rad1 Nhf6 15.
Nfd2 Rad8 16. Bf3 Bxf3 17. Nxf3 Ne4 18. Ne1 e5 19. f3 Nef6 20. dxe5 Nxe5 21.
Qb3 Kh8 22. Nc2 Qf7 23. Nd2 Qxb3 24. Nxb3 Nc4 25. Rb1 Rfe8 26. Bf4 Nh5 27. Kf2
Be5 1/2-1/2

[Event "16. Sombor open"]
[Site "?"]
[Date "2024.04.05"]
[Round "3.2"]
[White "Stojkovic, Andreja"]
[Black "Delija, Dragan"]
[Result "1/2-1/2"]
[WhiteElo "1845"]
[BlackElo "1893"]
[PlyCount "51"]
[EventDate "2024.04.01"]

1. e4 c6 2. d4 d5 3. e5 Bf5 4. Nf3 e6 5. Be2 c5 6. O-O Nc6 7. c3 Qb6 8. dxc5
Bxc5 9. b4 Bf8 10. Na3 a6 11. Re1 h6 12. Nc2 g5 13. Ncd4 Bg6 14. h3 Nge7 15.
Bd3 Bg7 16. b5 Nxd4 17. cxd4 a5 18. Ba3 Qd8 19. Qd2 O-O 20. Rac1 Re8 21. Bxe7
Rxe7 22. Rc2 Bxd3 23. Qxd3 Rc8 24. Rec1 Rec7 25. Nd2 Qd7 26. a4 1/2-1/2

[Event "16. Sombor open"]
[Site "?"]
[Date "2024.04.05"]
[Round "3.3"]
[White "Knezevic, Janko"]
[Black "Lalic, Miroslav"]
[Result "0-1"]
[WhiteElo "1904"]
[BlackElo "1945"]
[PlyCount "122"]
[EventDate "2024.04.01"]

1. e4 e5 2. Nf3 Nc6 3. Bb5 a6 4. Ba4 b5 5. Bb3 d6 6. h3 Na5 7. d4 Nxb3 8. axb3
exd4 9. Qxd4 Bb7 10. Nc3 Qf6 11. Nd5 Qxd4 12. Nxd4 Kd7 13. O-O Ne7 14. c4 Nc6
15. Nf3 f6 16. cxb5 axb5 17. Rxa8 Bxa8 18. Bd2 Ne7 19. Nxe7 Bxe7 20. Re1 Bb7
21. Nd4 c6 22. Ra1 Ra8 23. Rxa8 Bxa8 24. f3 Bd8 25. Kf1 Bb7 26. g4 c5 27. Ne2
b4 28. Nf4 g6 29. Nd5 Ke6 30. Nf4+ Kf7 31. Kf2 Bc8 32. Nd5 Be6 33. Ke3 f5 34.
Kd3 Bd7 35. Bf4 Bb5+ 36. Ke3 Ke6 37. Bg3 fxg4 38. hxg4 Bc6 39. Nf4+ Kd7 40. Nd5
h5 41. gxh5 gxh5 42. f4 Bxd5 43. exd5 Bf6 44. Ke4 h4 45. Bh2 Bxb2 46. Kd3 Ke7
47. Ke4 Bc3 48. Bg1 Be1 49. Be3 Kf6 50. Bc1 h3 51. Kf3 Kf5 52. Be3 h2 53. Kg2
h1=Q+ 54. Kxh1 Ke4 55. Bc1 Kxd5 56. Kg2 Ke4 57. Kh3 Kf5 58. Kg2 d5 59. Kf3 Bc3
60. Ke3 c4 61. bxc4 dxc4 0-1

[Event "16. Sombor open"]
[Site "?"]
[Date "2024.04.05"]
[Round "3.5"]
[White "Kelic, Dusan"]
[Black "Beslin, Igor"]
[Result "0-1"]
[WhiteElo "1694"]
[BlackElo "1954"]
[PlyCount "88"]
[EventDate "2024.04.01"]

1. e4 c5 2. Nf3 d6 3. d4 cxd4 4. Qxd4 Nc6 5. Bb5 Bd7 6. Qd1 Nf6 7. Nc3 a6 8.
Bd3 e5 9. Bg5 Be7 10. Bxf6 Bxf6 11. Nd5 O-O 12. O-O Bg4 13. c3 Rc8 14. h3 Bh5
15. Be2 Na5 16. Rc1 Nc4 17. b3 Nb6 18. Qd2 Nxd5 19. Qxd5 Rc6 20. Rfd1 Qc7 21.
Rc2 Be7 22. b4 Bg6 23. a4 Rb8 24. c4 a5 25. b5 Rc5 26. Qd3 d5 27. Nd2 Rd8 28.
Qf3 dxc4 29. Rdc1 Bg5 30. Rxc4 b6 31. Nb3 Bxc1 32. Nxc5 bxc5 33. Rxc1 Rd4 34.
Bd3 Rxa4 35. Qe3 Rd4 36. f3 a4 37. f4 f6 38. Bc4+ Bf7 39. Bxf7+ Kxf7 40. fxe5
Qxe5 41. b6 Rxe4 42. Rxc5 Rxe3 43. b7 Re1+ 44. Kf2 Qe3# 0-1

[Event "16. Sombor open"]
[Site "?"]
[Date "2024.04.05"]
[Round "3.6"]
[White "Bakula, Milan"]
[Black "Djurosev, Djordje"]
[Result "0-1"]
[WhiteElo "1872"]
[BlackElo "1694"]
[PlyCount "66"]
[EventDate "2024.04.01"]

1. f4 d5 2. d4 Bf5 3. Nf3 Nc6 4. a3 Nf6 5. Nc3 e6 6. h3 h6 7. e3 Be7 8. Bd3 Nh5
9. O-O Ng3 10. Bxf5 Nxf1 11. Bxe6 fxe6 12. Qxf1 O-O 13. e4 dxe4 14. Nxe4 Nxd4
15. Be3 Nxf3+ 16. Qxf3 Bd6 17. Rd1 Qe7 18. Qg4 Rf7 19. c4 b6 20. b4 Raf8 21. g3
Rf5 22. Rc1 c5 23. Rd1 Rd8 24. Qg6 cxb4 25. axb4 Bc7 26. Ra1 Bb8 27. c5 Rd3 28.
Bf2 Rfd5 29. cxb6 Rd1+ 30. Rxd1 Rxd1+ 31. Kg2 axb6 32. Bxb6 Qf7 33. Qg4 Rb1 {
Necitko.} 0-1

[Event "16. Sombor open"]
[Site "?"]
[Date "2024.04.05"]
[Round "3.9"]
[White "Novakovic, Aleksandar"]
[Black "Basaric, Ana"]
[Result "1-0"]
[WhiteElo "1981"]
[BlackElo "1580"]
[PlyCount "65"]
[EventDate "2024.04.01"]

1. e4 c5 2. Nc3 Nc6 3. f4 g6 4. Bc4 Bg7 5. Nf3 d6 6. a3 Nf6 7. e5 dxe5 8. fxe5
Ng4 9. e6 fxe6 10. Qe2 Nge5 11. Bb5 Nxf3+ 12. Qxf3 Bd7 13. O-O Rf8 14. Qe4 Bd4+
15. Kh1 Rxf1+ 16. Bxf1 Qc7 17. d3 O-O-O 18. Bf4 e5 19. Nb5 Qb6 20. Nxd4 exd4
21. Rb1 Re8 22. Be2 e5 23. Bg3 Be6 24. Bxe5 Ba2 25. Bg4+ Kd8 26. Bf6+ Ne7 27.
Rf1 Qxb2 28. Bxe7+ Rxe7 29. Rf8+ Kc7 30. Qxe7+ Kb6 31. Rf6+ Ka5 32. Qxc5+ b5
33. Qxa7# 1-0

[Event "16. Sombor open"]
[Site "?"]
[Date "2024.04.05"]
[Round "3.11"]
[White "Kokai, Lea"]
[Black "Radisic, Andjelija"]
[Result "1-0"]
[WhiteElo "1575"]
[BlackElo "1456"]
[PlyCount "25"]
[EventDate "2024.04.01"]

1. e4 d5 2. exd5 Qxd5 3. Nc3 Qd6 4. d4 Nf6 5. Nf3 c6 6. Ne5 Bf5 7. g4 Bc8 8. g5
Nd5 9. Qf3 Be6 10. Bf4 Qd8 11. Bd2 g6 12. Bh3 Bxh3 13. Qxf7# 1-0

[Event "16. Sombor open"]
[Site "?"]
[Date "2024.04.08"]
[Round "4.1"]
[White "Delija, Dragan"]
[Black "Matkovic, Simana"]
[Result "0-1"]
[WhiteElo "1893"]
[BlackElo "1948"]
[PlyCount "106"]
[EventDate "2024.04.01"]

1. d4 d5 2. c4 e6 3. Nc3 Nf6 4. a3 Be7 5. Nf3 O-O 6. e3 Nbd7 7. Qc2 c6 8. Bd3
h6 9. Bd2 dxc4 10. Bxc4 c5 11. dxc5 Bxc5 12. b4 Bd6 13. O-O b6 14. Rfd1 Bb7 15.
Be2 Rc8 16. Qb2 Qe7 17. Nb5 Bb8 18. Bc3 e5 19. a4 Ne4 20. Be1 a6 21. Nc3 Ndf6
22. Rac1 Rfd8 23. Rxd8+ Rxd8 24. Rd1 Rxd1 25. Bxd1 Qd6 26. Nxe4 Nxe4 27. Be2
Qd5 28. Qb1 Bd6 29. Qd1 Qe6 30. Nd2 Nc3 31. Bc4 Nxd1 32. Bxe6 fxe6 33. Nc4 Bc7
34. Kf1 b5 35. axb5 axb5 36. Na5 Bd5 37. Bd2 Nb2 38. f3 Nc4 39. Nxc4 Bxc4+ 40.
Kf2 Bd3 41. Bc3 e4 42. f4 Bd6 43. h3 h5 44. Kg3 Be7 45. Kh2 Kf7 46. g4 hxg4 47.
hxg4 Bf6 48. Bd2 g6 49. Kg3 Ke7 50. Bc1 Bc3 51. Ba3 Be1+ 52. Kg2 Kd6 53. f5
exf5 0-1

[Event "16. Sombor open"]
[Site "?"]
[Date "2024.04.08"]
[Round "4.2"]
[White "Lalic, Miroslav"]
[Black "Stojkovic, Andreja"]
[Result "1-0"]
[WhiteElo "1945"]
[BlackElo "1845"]
[PlyCount "81"]
[EventDate "2024.04.01"]

1. e4 c5 2. Bc4 e6 3. Nf3 Nc6 4. a4 Nf6 5. d3 d6 6. O-O Be7 7. Re1 O-O 8. e5
dxe5 9. Nxe5 Nxe5 10. Rxe5 Bd6 11. Re1 Qc7 12. h3 b6 13. Nc3 Bb7 14. f3 Nh5 15.
Ne4 Bh2+ 16. Kh1 Bf4 17. Bxf4 Qxf4 18. Qc1 Ng3+ 19. Nxg3 Qxg3 20. Qe3 e5 21.
Qxe5 Qh4 22. Kh2 h6 23. Qg3 Qd4 24. c3 Qf6 25. Qc7 Bc6 26. Re7 Rae8 27. Rae1
Rxe7 28. Qxe7 Qf4+ 29. Kg1 Bxa4 30. Qxa7 Bc6 31. Qxb6 Bxf3 32. Qxc5 Bb7 33. Rf1
Qg3 34. Qf2 Qg6 35. Re1 Qd6 36. b4 Qg6 37. Re7 Bc6 38. b5 Ba8 39. b6 Bxg2 40.
Bxf7+ Rxf7 41. Qxf7+ 1-0

[Event "16. Sombor open"]
[Site "?"]
[Date "2024.04.08"]
[Round "4.3"]
[White "Stojakovic, Dusan"]
[Black "Beslin, Igor"]
[Result "0-1"]
[WhiteElo "1775"]
[BlackElo "1954"]
[PlyCount "118"]
[EventDate "2024.04.01"]

1. e4 c5 2. Nf3 d6 3. Bb5+ Nd7 4. c4 Ngf6 5. Nc3 e6 6. O-O Be7 7. Bxd7+ Bxd7 8.
d4 cxd4 9. Nxd4 O-O 10. b3 a6 11. Qe2 Rb8 12. Bb2 Qa5 13. a3 b5 14. cxb5 axb5
15. b4 Qb6 16. Rfd1 Rfc8 17. Rac1 h6 18. Rc2 Rc4 19. Nb3 e5 20. h3 Qa7 21. Na5
Rcc8 22. Nd5 Nxd5 23. exd5 Qb6 24. Rdc1 Rxc2 25. Rxc2 Bh4 26. Bc1 Rc8 27. Be3
Qb8 28. Qd1 f5 29. g3 Bf6 30. Nc6 Qa8 31. Qc1 f4 32. gxf4 Bxh3 33. fxe5 dxe5
34. Kh2 Bf5 35. Rc5 Rf8 36. d6 Qe8 37. Qd1 Qg6 38. Ne7+ Bxe7 39. dxe7 Re8 40.
Rxe5 Qf6 41. Qd5+ Kh7 42. Rxf5 Qh4+ 43. Kg1 Qg4+ 44. Kf1 Rxe7 45. Rf4 Qh3+ 46.
Ke2 Qh2 47. Qf5+ g6 48. Qd5 Qxf4 49. Qxb5 Qg4+ 50. Kd2 Rd7+ 51. Kc3 h5 52. Qg5
Rc7+ 53. Kb2 Qe2+ 54. Bd2 Qe4 55. Qe3 Qc2+ 56. Ka1 Qd1+ 57. Kb2 Rc2+ 58. Kb3
Rxd2+ 59. Kc3 Qc2# 0-1

[Event "16. Sombor open"]
[Site "?"]
[Date "2024.04.08"]
[Round "4.5"]
[White "Djurosev, Djordje"]
[Black "Vujnovic, Igor"]
[Result "0-1"]
[WhiteElo "1694"]
[BlackElo "1810"]
[PlyCount "72"]
[EventDate "2024.04.01"]

1. e4 d5 2. exd5 Nf6 3. Nc3 Nxd5 4. Nxd5 Qxd5 5. d4 Nc6 6. Nf3 Bg4 7. c4 Qe4+
8. Be2 Bxf3 9. gxf3 Qxd4 10. Qxd4 Nxd4 11. Bd1 e5 12. Be3 Bb4+ 13. Bd2 Bxd2+
14. Kxd2 O-O-O 15. Kc3 f6 16. Re1 Ne6 17. f4 Nxf4 18. Bg4+ Kb8 19. Rad1 c6 20.
b4 Kc7 21. a4 b6 22. b5 c5 23. a5 Rxd1 24. axb6+ axb6 25. Rxd1 Rd8 26. Ra1 Rd3+
27. Kc2 Kb7 28. Bf5 Rd4 29. Kb3 g6 30. Bg4 f5 31. Bf3+ e4 32. Bd1 Rd2 33. Bc2
Rxf2 34. Rd1 Kc7 35. h4 e3 36. h5 e2 0-1

[Event "16. Sombor open"]
[Site "?"]
[Date "2024.04.08"]
[Round "4.7"]
[White "Rajic, Dijana"]
[Black "Knezevic, Janko"]
[Result "0-1"]
[WhiteElo "1551"]
[BlackElo "1904"]
[PlyCount "114"]
[EventDate "2024.04.01"]

1. e4 c5 2. Nf3 d6 3. Nc3 a6 4. d4 cxd4 5. Nxd4 Nf6 6. Bc4 e6 7. O-O Be7 8. Be3
Nc6 9. a3 O-O 10. h3 Bd7 11. Ba2 Qc8 12. Rc1 b5 13. b4 Nxb4 14. axb4 Qxc3 15.
Qd3 Qxb4 16. Bg5 Qc5 17. Nf3 Qc8 18. Bb1 Bc6 19. Bxf6 Bxf6 20. c3 g6 21. Qxd6
Bg7 22. Qf4 Qb7 23. h4 Rae8 24. h5 e5 25. Qh4 Qe7 26. Qg4 Bd7 27. Qh4 Qxh4 28.
Nxh4 Be6 29. hxg6 fxg6 30. Nf3 h6 31. Rc2 Rd8 32. Ba2 Bxa2 33. Rxa2 Rf6 34.
Nxe5 Re6 35. Nf3 Bxc3 36. Rc1 b4 37. Ra4 Rb8 38. Kf1 g5 39. Ne1 Rxe4 40. Rxc3
Rxe1+ 41. Kxe1 bxc3 42. Ra2 Rb6 43. Kd1 Kg7 44. Kc2 Rc6 45. f3 Kg6 46. g4 h5
47. gxh5+ Kxh5 48. Ra4 Rf6 49. Kxc3 Rxf3+ 50. Kd2 Rf6 51. Ke2 g4 52. Ra1 g3 53.
Rg1 Kg4 54. Rd1 g2 55. Rd7 Kg3 56. Kd2 Rg6 57. Rd3+ Kh2 0-1